| 000 | 00850nam a2200241 a 4500 | ||
|---|---|---|---|
| 001 | BRCA_4424 | ||
| 005 | 20190320204651.0 | ||
| 008 | 200810s1972----mx-a######---#000-0#spa-# | ||
| 041 | _aspa | ||
| 044 | _amx | ||
| 050 | 4 |
_aN8 _b.D53 2 _c1972 |
|
| 245 | 1 | 0 |
_aAnales del Instituto de Investigaciones Estéticas _cdirectora Clementina Díaz y de Ovando. |
| 260 |
_aMéxico _bUNAM, Instituto de Investigaciones Estéticas _c1972 |
||
| 300 |
_a197 p. _bil., 25 láminas _c23 cm. |
||
| 440 | 0 |
_aAnales del Instituto de Investigaciones Estéticas _v41, vol. XI _911234 |
|
| 500 | _aIncluye sumario, informaciones y notas bibliográficas | ||
| 500 | _aVer también AM31, CFG58, CFG59, CFG60, CFG61 y H30 | ||
| 500 | _aCFG37 | ||
| 650 | 1 | 4 |
_aBiografías _zMéxico _910886 |
| 700 | 1 |
_aDíaz y de Ovando, Clementina _99893 |
|
| 902 | _aGFM | ||
| 942 |
_2lcc _cB |
||
| 999 |
_c4133 _d4133 |
||